000 01642nam a22004337a 4500
003 CHAP
005 20220329143535.0
008 100427s2010 mx r 00010 spa d
010 _a98257
011 _a99229
035 _a109914
040 _cCHAP
090 _aTesis
100 1 _aArreola Quevedo, Jorge Alberto
_97454
245 1 0 _aCaracterización agroecológica de la producción organizada de café orgánico en Chiapas
_c/por Jorge Alberto Arreola Quevedo
260 _aChapingo, Méx. :
_bEl autor,
_c2010
300 _axii, 153 h. :
_bilus., cuadros, gráfs.
502 _aTesis (Ing. en Agroecologia) -- UACH. Departamento de Agroecologia
530 _aTambién disponible en línea
590 _aALEPH
_b10
_c20130110
_lUCH01
_h1534
590 _aBATCH-UPD
_b10
_c20130110
_lUCH01
_h0854
590 _aBATCH-UPD
_b10
_c20130410
_lUCH01
_h0526
590 _aBATCH-UPD
_b10
_c20130914
_lUCH01
_h0406
590 _aBATCH-UPD
_b10
_c20140324
_lUCH01
_h1516
590 _aBATCH-UPD
_b10
_c20141002
_lUCH01
_h0843
590 _aBATCH
_b00
_c20181121
_lUCH01
_h0758
590 _aCONVERSION
_b10
_c20130109
_lUCH01
_h1354
650 1 4 _aCafé orgánico.
_917217
650 1 4 _aCafé
_xChiapas.
_917115
650 1 4 _aCafé
_xRendimiento.
_917196
650 1 4 _aEcología agrícola.
_935165
650 1 4 _aOrganización de productores.
_983544
856 _3Finding aid
_uhttp://10.13.5.2/tesis/109914.pdf
_zTeclea aqui
856 _a1
_n0000561
901 _aBK
942 _cFOLL
949 _aTesis
_bBC
_cTES
_d33724002166363
_eTS1
_gdonaciØn
_h50414
_i109914
_sb
949 _aTesis
_bBC
_cTES
_d33724002166405
_eTS2
_fc.2
_gDonaciØn
_h50415
_i109914
_sb
999 _c98257
_d98257